000 00676nam a2200289Ia 4500
005 20260324150844.0
008 008 260324s9999 xx 000 0 eng d
020 _a9781003347361
037 _aEBOOK
040 _aCRL
040 _beng
040 _cCRL
041 _2eng
041 _aeng
084 _qCRL
100 _aH. C. E. Zacharias
_91227854
245 0 _aRenascent India
245 0 _bFrom Ram Mohan Roy to Mohandas Gandhi
260 _bTaylor and Francis
260 _c1933
365 _a
365 _b180
856 _uhttp://www.taylorfrancis.com/books/9781003347361
942 _cEBOOK
999 _c1838032
_d1838032